|
|
|
|
| LEADER |
00000nam0a2200000 4500 |
| 001 |
149840 |
| 005 |
20231031150030.0 |
| 035 |
|
|
|a (RuTPU)RU\TPU\book\162445
|
| 090 |
|
|
|a 149840
|
| 100 |
|
|
|a 20081223d1960 k y0rusy50 ca
|
| 101 |
0 |
|
|a rus
|
| 102 |
|
|
|a RU
|
| 105 |
|
|
|a a z 001zy
|
| 200 |
1 |
|
|a Распространение гамма-квантов в веществе
|f О. И. Лейпунский, Б. В. Новожилов, В. Н. Сахаров
|
| 210 |
|
|
|a Москва
|c Физматгиз
|d 1960
|
| 215 |
|
|
|a 208 с.
|c ил.
|
| 320 |
|
|
|a Библиогр.: с. 206-207.
|
| 610 |
1 |
|
|a гамма-лучи
|
| 610 |
1 |
|
|a вещества
|
| 610 |
1 |
|
|a распространение
|
| 610 |
1 |
|
|a ионизирующие излучения
|
| 610 |
1 |
|
|a защита
|
| 610 |
1 |
|
|a метод Монте-Карло
|
| 610 |
1 |
|
|a поглощающие среды
|
| 675 |
|
|
|a 539.16.08
|v 3
|
| 700 |
|
1 |
|a Лейпунский
|b О. И.
|g Овсей Ильич
|
| 701 |
|
1 |
|a Новожилов
|b Б. В.
|g Борис Васильевич
|
| 701 |
|
1 |
|a Сахаров
|b В. Н.
|g Всеволод Николаевич
|
| 801 |
|
1 |
|a RU
|b 63413507
|c 20081223
|g PSBO
|
| 801 |
|
2 |
|a RU
|b 63413507
|c 20210526
|g PSBO
|
| 942 |
|
|
|c BK
|